Normal view
MARC view
- Astolfi, A.
Entry Personal Name
001 - CONTROL NUMBER
- control field: 83104
003 - CONTROL NUMBER IDENTIFIER
- control field: NUST
005 - DATE AND TIME OF LATEST TRANSACTION
- control field: 20211013120417.0
008 - FIXED-LENGTH DATA ELEMENTS
- fixed length control field: 211013|| aca||aabn | a|a d
040 ## - CATALOGING SOURCE
- Original cataloging agency: NUST
- Transcribing agency: NUST
100 ## - HEADING--PERSONAL NAME
- Personal name: Astolfi, A.
- Fuller form of name: (Alessandro)
670 ## - SOURCE DATA FOUND
- Source citation: Work cat.: (NUST)31772: Workshop Modelling and Control of Mechanical Systems (1997 : Imperial College) 83099, Proceedings of the Workshop Modelling and Control of Mechanical Systems :, 1997.
